01120nam a2200193 i 450000100060000000300090000600500170001500700030003200800410003510000210007624500820009726000440017930000220022350505500024560000370079560000360083265100370086885200210090596767ES-MaACL20250928102045.0t|050630s1918 sp ||||1| spa d1 aManero, Antonio.10aMéxico y solidaridad americana b: la doctrina Carranza / cAntonio Manero. aMadrid : bEditorial América, c1918. a244 p. ; c19 cm.8 aContiene: Conceptos de don Venustiano Carranza.--Carranza y el México nuevo (conferencia pronunciada en el Instituto histórico y geogránco brasilero)--México y sus leyes (conferencia pronunciada en el Colegio de abogados de Lima)-- Las organizaciones bancarias y el caso de México (conferencia pronuniada en la Biblioteca nacional de Chile)--México y la solidaridad americana (conferencial pronunciada en la Facultad de ciencias económicas de la Universidad de Buenos Aires)--Discurso pronunciada ante la tumba de Bolívar.--Nota.14aCarranza, Venustiano,d1859-192014aBolívar, Simón, d1783-1830 4aMéxico-xHistoria-z1910-1946. aES-MaACLjF-4515